[Event "62. Campeonato de Armenia Femenino 2008"]
[Site "Yerevan ARM"]
[Date "2008.01.18"]
[Round "5.3"]
[White "Movsisian, Naira"]
[Black "Gasparian, Mariana"]
[Result "0-1"]
[WhiteElo "2152"]
[BlackElo "2070"]
[PlyCount "120"]
[EventDate "2008.01.14"]
[EventType "tourn"]
[EventRounds "9"]
[EventCountry "ARM"]
[Source "lmi"]
[SourceDate "2008.01.14"]

1. d4 d5 2. Nf3 e6 3. Bf4 Bd6 4. Bg5 f6 5. Bh4 Ne7 6. Bg3 Nf5 7. Bxd6 Qxd6 8.
Qd2 e5 9. dxe5 fxe5 10. e3 O-O 11. Nc3 c6 12. e4 Ne7 13. exd5 cxd5 14. Nb5 Qb6
15. Nxe5 Nbc6 16. Nf3 a6 17. Nc3 Qxb2 18. Rb1 Qa3 19. Rb3 Qd6 20. Be2 b5 21.
O-O Be6 22. Ne4 Qc7 23. Neg5 Bf5 24. Nh4 h6 25. Nxf5 Rxf5 26. Nf3 Raf8 27. Re1
d4 28. Rf1 Rf4 29. Rd3 Nf5 30. h3 b4 31. Rb3 a5 32. Bc4+ Kh8 33. Bb5 Nfe7 34.
Bxc6 Nxc6 35. Rd3 Qf7 36. a3 Qg6 37. Kh1 bxa3 38. Rxa3 Qh5 39. Rd3 Rxf3 40.
Rxf3 Rxf3 41. Re1 Rf6 42. Kg1 Kh7 43. Qd3+ Qf5 44. Qe2 Nb4 45. Rc1 d3 46. cxd3
Nxd3 47. Rc2 Nxf2 48. Kh2 Ne4 49. Rb2 Qf4+ 50. Kg1 Rc6 51. Rb1 Rg6 52. Ra1 Qe5
53. Re1 Qd4+ 54. Kh2 Qd6+ 55. Kg1 Ng5 56. Kh1 Ne6 57. Qc2 Nf4 58. Ra1 Nxg2 59.
Rxa5 Ne3 60. Qe2 Qc6+ 0-1

[Event "62. Campeonato de Armenia Femenino 2008"]
[Site "Yerevan ARM"]
[Date "2008.01.18"]
[Round "5.4"]
[White "Martirosyan, Lia"]
[Black "Galojan, Lilit"]
[Result "1-0"]
[WhiteElo "2111"]
[BlackElo "2307"]
[PlyCount "67"]
[EventDate "2008.01.14"]
[EventType "tourn"]
[EventRounds "9"]
[EventCountry "ARM"]
[Source "lmi"]
[SourceDate "2008.01.14"]

1. d4 Nf6 2. Nf3 e6 3. Bg5 Be7 4. Nbd2 d5 5. e3 c5 6. c3 Nbd7 7. Bd3 b6 8. Ne5
Nxe5 9. dxe5 Nd7 10. Bf4 Bb7 11. Bg3 c4 12. Bc2 b5 13. Nf3 Qa5 14. O-O h5 15.
h4 b4 16. cxb4 Qxb4 17. Ba4 Rd8 18. Nd4 g6 19. f4 O-O 20. Be1 Qb6 21. g4 hxg4
22. Qxg4 Bc5 23. Bc3 Kh7 24. h5 Rg8 25. Bc2 Rg7 26. hxg6+ fxg6 27. Nxe6 Bxe3+
28. Kh2 Rh8 29. Nxg7 Kxg7+ 30. Kg3 Nf8 31. Qg5 d4 32. Qe7+ Kg8 33. Bb4 Nh7 34.
e6 1-0

[Event "62. Campeonato de Armenia Femenino 2008"]
[Site "Yerevan ARM"]
[Date "2008.01.19"]
[Round "6.2"]
[White "Galojan, Lilit"]
[Black "Andriasian, Siranush"]
[Result "1-0"]
[WhiteElo "2307"]
[BlackElo "2228"]
[PlyCount "113"]
[EventDate "2008.01.14"]
[EventType "tourn"]
[EventRounds "9"]
[EventCountry "ARM"]
[Source "lmi"]
[SourceDate "2008.01.14"]

1. d4 Nf6 2. c4 e6 3. Nc3 Bb4 4. e3 O-O 5. Bd3 c5 6. a3 Bxc3+ 7. bxc3 d5 8.
cxd5 Qxd5 9. Nf3 cxd4 10. c4 Qh5 11. exd4 Nc6 12. Bb2 b6 13. O-O Bb7 14. Qe2
Rad8 15. Rad1 Rfe8 16. Rfe1 Ne7 17. Ne5 Qg5 18. g3 Ng6 19. h4 Nxh4 20. Bc1 Qxe5
21. dxe5 Nf3+ 22. Qxf3 Bxf3 23. exf6 Bxd1 24. Rxd1 gxf6 25. Kf1 Kg7 26. Ke2 Rc8
27. Rh1 f5 28. Bb2+ f6 29. g4 h6 30. gxf5 exf5+ 31. Kf3 Rc5 32. Bc1 Rd8 33. Be2
Rh8 34. Bf4 Ra5 35. Bd6 Rd8 36. Rd1 Kf7 37. Kg3 Ke6 38. Bb4 Rxd1 39. Bxd1 Re5
40. Bf3 Kf7 41. Bd6 Re1 42. Bb8 Re7 43. Bd5+ Kg6 44. a4 Rd7 45. Bc6 Rd3+ 46. f3
a6 47. Bc7 Rb3 48. Bb7 a5 49. Bc6 Re3 50. Bd5 Ra3 51. Bxb6 Rxa4 52. c5 f4+ 53.
Kh3 Ra1 54. c6 a4 55. c7 Rh1+ 56. Kg2 Rc1 57. Be6 1-0

[Event "62. Campeonato de Armenia Femenino 2008"]
[Site "Yerevan ARM"]
[Date "2008.01.19"]
[Round "6.3"]
[White "Gasparian, Mariana"]
[Black "Martirosyan, Lia"]
[Result "1-0"]
[WhiteElo "2070"]
[BlackElo "2111"]
[PlyCount "119"]
[EventDate "2008.01.14"]
[EventType "tourn"]
[EventRounds "9"]
[EventCountry "ARM"]
[Source "lmi"]
[SourceDate "2008.01.14"]

1. e4 c6 2. c4 d5 3. exd5 cxd5 4. cxd5 Nf6 5. Nc3 g6 6. Nf3 Bg7 7. Bb5+ Nbd7 8.
d6 e6 9. d4 O-O 10. O-O Qb6 11. Bf4 Nh5 12. Bg5 Qxd6 13. Qd2 a6 14. Bd3 b5 15.
Ne4 Qb6 16. Be7 Re8 17. Bc5 Nxc5 18. dxc5 Qc7 19. Nd6 Rd8 20. Rac1 Bd7 21. b4
Bc6 22. Ng5 Rd7 23. Be4 Be5 24. g3 Rad8 25. Qe2 Bxe4 26. Ngxe4 Nf6 27. Nxf6+
Bxf6 28. Ne4 Bd4 29. Rfd1 Kg7 30. Qf3 Qc6 31. Qe2 h5 32. Nd6 e5 33. h4 Qd5 34.
Rc2 Rf8 35. Rcd2 f5 36. Kh2 f4 37. Qd3 fxg3+ 38. fxg3 Rf3 39. Qc2 Qe6 40. Ne4
Qg4 41. Rg2 Re3 42. Nd6 Kg8 43. Rd3 Re1 44. Qb3+ Kh7 45. Rf3 e4 46. Rf4 Qd1 47.
Qxd1 Rxd1 48. Rxe4 Bc3 49. Rge2 Kh6 50. Rc2 Rd3 51. Kg2 Bg7 52. Rf2 Rd5 53.
Nf7+ Kh7 54. Ng5+ Kh6 55. Ne6 Ra7 56. c6 Rd6 57. c7 Rc6 58. Nxg7 Kxg7 59. Re7+
Kg8 60. c8=Q+ 1-0

[Event "62. Campeonato de Armenia Femenino 2008"]
[Site "Yerevan ARM"]
[Date "2008.01.19"]
[Round "6.4"]
[White "Gasparian, Narine"]
[Black "Movsisian, Naira"]
[Result "1/2-1/2"]
[WhiteElo "2172"]
[BlackElo "2152"]
[PlyCount "78"]
[EventDate "2008.01.14"]
[EventType "tourn"]
[EventRounds "9"]
[EventCountry "ARM"]
[Source "lmi"]
[SourceDate "2008.01.14"]

1. d4 f5 2. c4 Nf6 3. Nf3 g6 4. g3 Bg7 5. Bg2 d6 6. O-O O-O 7. Nc3 Nc6 8. d5
Ne5 9. Qb3 Nxf3+ 10. Bxf3 e5 11. dxe6 c6 12. Bf4 Qe7 13. Rad1 Rd8 14. Qa3 Ne8
15. e4 fxe4 16. Nxe4 Qxe6 17. Rfe1 Qxc4 18. Bg5 Bh3 19. Bxd8 Rxd8 20. Nxd6 Nxd6
21. Rxd6 Rf8 22. Bg2 Bf5 23. Qb3 Qxb3 24. axb3 Bxb2 25. Red1 Bf6 26. Bf1 Be7
27. R6d2 Bb4 28. Rd8 a5 29. Bc4+ Kg7 30. Rxf8 Kxf8 31. Rd8+ Kg7 32. Rg8+ Kf6
33. Rb8 b5 34. Bg8 Kg7 35. Re8 Bd7 36. Rd8 Bf5 37. Re8 Bd7 38. Ra8 Bf5 39. Re8
Bd7 1/2-1/2

[Event "62. Campeonato de Armenia Femenino 2008"]
[Site "Yerevan ARM"]
[Date "2008.01.19"]
[Round "6.5"]
[White "Kharatyan, Anahit"]
[Black "Karapetyan, Lusine"]
[Result "1/2-1/2"]
[WhiteElo "2115"]
[BlackElo "1957"]
[PlyCount "153"]
[EventDate "2008.01.14"]
[EventType "tourn"]
[EventRounds "9"]
[EventCountry "ARM"]
[Source "lmi"]
[SourceDate "2008.01.14"]

1. f4 d5 2. Nf3 c5 3. g3 Nc6 4. Bg2 Nf6 5. O-O e6 6. e3 d4 7. Qe2 Be7 8. Na3
O-O 9. Nc4 Rb8 10. a4 b6 11. Nfe5 Nxe5 12. Nxe5 Bb7 13. Bxb7 Rxb7 14. e4 Rc7
15. d3 a6 16. f5 exf5 17. Rxf5 b5 18. Bd2 Qc8 19. axb5 axb5 20. b3 Nd7 21. Ng4
Rc6 22. Raf1 Nf6 23. Ne5 Ra6 24. g4 g6 25. R5f2 Qe6 26. g5 Qxe5 27. Bf4 Qe6 28.
gxf6 Bxf6 29. Bh6 Bg7 30. Qd2 Qe5 31. Rg2 f5 32. Bxg7 Kxg7 33. exf5 Rxf5 34.
Re1 Qf6 35. Qe2 Ra8 36. Qe7+ Qxe7 37. Rxe7+ Rf7 38. Rge2 Ra1+ 39. Kg2 Ra2 40.
R7e5 Rc7 41. Kf3 c4 42. dxc4 bxc4 43. b4 Ra3+ 44. Kf4 d3 45. cxd3 cxd3 46. Re7+
Kh6 47. Rxc7 dxe2 48. Re7 Ra2 49. Kg3 Rb2 50. Re4 Kh5 51. b5 g5 52. Re7 h6 53.
b6 Rb3+ 54. Kg2 Rxb6 55. Rxe2 Rb3 56. h3 Kg6 57. Re6+ Kh5 58. Rc6 Rd3 59. Ra6
Rd7 60. Kg3 Rg7 61. Rb6 Rg6 62. Rb8 Ra6 63. Rb3 Kg6 64. Rf3 h5 65. Rb3 h4+ 66.
Kf3 Ra2 67. Rb6+ Kh5 68. Rb3 Rh2 69. Ke4 Rg2 70. Rf3 g4 71. hxg4+ Kxg4 72. Rf4+
Kg3 73. Ke3 h3 74. Rf8 Kh2 75. Rh8 Rg7 76. Kf3 Rf7+ 77. Ke2 1/2-1/2

[Event "62. Campeonato de Armenia Femenino 2008"]
[Site "Yerevan ARM"]
[Date "2008.01.20"]
[Round "7.1"]
[White "Karapetyan, Lusine"]
[Black "Aghabekian, Liana"]
[Result "1-0"]
[WhiteElo "1957"]
[BlackElo "2191"]
[PlyCount "129"]
[EventDate "2008.01.14"]
[EventType "tourn"]
[EventRounds "9"]
[EventCountry "ARM"]
[Source "lmi"]
[SourceDate "2008.01.14"]

1. e4 e5 2. Nf3 Nc6 3. Bb5 a6 4. Ba4 Nf6 5. Qe2 b5 6. Bb3 Be7 7. O-O O-O 8. c3
d5 9. exd5 Nxd5 10. Nxe5 Nf4 11. Qe4 Nxe5 12. Qxf4 Bd6 13. Qe4 Bd7 14. d4 Ng6
15. Be3 Kh8 16. f4 Re8 17. Qd3 Qe7 18. Bd2 Qf6 19. Bd5 Bf5 20. Qg3 Rad8 21. Bc6
Re2 22. Bf3 Re7 23. Qg5 c5 24. Qxf6 gxf6 25. g3 Be4 26. Kf2 f5 27. Be3 Rde8 28.
Re1 Bxf3 29. Kxf3 Kg8 30. Nd2 cxd4 31. cxd4 Bb4 32. a3 Ba5 33. b4 Bb6 34. Nb3
Nf8 35. Nc5 Ne6 36. Kf2 Rd8 37. Rad1 Nc7 38. Rd2 a5 39. Nb7 Ra8 40. d5 Nxd5 41.
Bxb6 Rxb7 42. Bxa5 Nf6 43. Kf3 Rc8 44. Rd8+ Rxd8 45. Bxd8 Ne4 46. Rd1 h5 47.
Rd5 Rb8 48. Ba5 h4 49. Rxf5 Nd2+ 50. Ke2 Nc4 51. gxh4 Nxa3 52. Rd5 Kg7 53. Kd3
Rh8 54. Bd8 Re8 55. h5 Re1 56. Bg5 Rd1+ 57. Ke4 Rb1 58. h6+ Kh7 59. Kf5 Nc4 60.
Rd7 Ne3+ 61. Kf6 Ng4+ 62. Kxf7 Nxh6+ 63. Kf6+ Kg8 64. Bxh6 Rxb4 65. Kg6 1-0

[Event "62. Campeonato de Armenia Femenino 2008"]
[Site "Yerevan ARM"]
[Date "2008.01.20"]
[Round "7.2"]
[White "Movsisian, Naira"]
[Black "Kharatyan, Anahit"]
[Result "1-0"]
[WhiteElo "2152"]
[BlackElo "2115"]
[PlyCount "85"]
[EventDate "2008.01.14"]
[EventType "tourn"]
[EventRounds "9"]
[EventCountry "ARM"]
[Source "lmi"]
[SourceDate "2008.01.14"]

1. d4 f5 2. Bg5 h6 3. Bh4 g6 4. e4 fxe4 5. Qg4 Kf7 6. Qxe4 Nf6 7. Qe3 Nc6 8.
Nf3 d6 9. Bc4+ Kg7 10. d5 Nb4 11. Qd2 c5 12. a3 Na6 13. Nc3 Nc7 14. O-O Kh7 15.
Rae1 Bf5 16. h3 b5 17. Bxf6 exf6 18. Nxb5 Nxb5 19. Bxb5 Rb8 20. Bd3 Bxd3 21.
Qxd3 Rxb2 22. Nh4 f5 23. Nxf5 Qf6 24. Nxd6 Bxd6 25. Re6 Qf5 26. Rxd6 Rxc2 27.
Qxf5 gxf5 28. Re1 Rg8 29. Ree6 c4 30. Rxh6+ Kg7 31. Rhg6+ Kh7 32. Rh6+ Kg7 33.
Rh4 c3 34. Rc4 Re8 35. Rc7+ Kf8 36. Rf6+ Kg8 37. Rxf5 Rc1+ 38. Kh2 c2 39. Rf3
Rd8 40. Rfc3 Rxd5 41. Rxc2 Ra1 42. Rxa7 Rd8 43. a4 1-0

[Event "62. Campeonato de Armenia Femenino 2008"]
[Site "Yerevan ARM"]
[Date "2008.01.20"]
[Round "7.3"]
[White "Martirosyan, Lia"]
[Black "Gasparian, Narine"]
[Result "0-1"]
[WhiteElo "2111"]
[BlackElo "2172"]
[PlyCount "83"]
[EventDate "2008.01.14"]
[EventType "tourn"]
[EventRounds "9"]
[EventCountry "ARM"]
[Source "lmi"]
[SourceDate "2008.01.14"]

1. d4 d5 2. Nf3 Nf6 3. c3 e6 4. Bg5 c5 5. e3 Qb6 6. Qb3 Ne4 7. Bf4 Be7 8. Bd3
f5 9. Qxb6 axb6 10. b3 Nc6 11. Nfd2 Bd7 12. f3 Nd6 13. O-O O-O 14. Bg3 Ra7 15.
a4 cxd4 16. exd4 f4 17. Bf2 b5 18. Na3 bxa4 19. b4 Raa8 20. Rfb1 Rac8 21. Be1
Na7 22. Nf1 Nab5 23. Nxb5 Bxb5 24. Bc2 Bxf1 25. Kxf1 b5 26. Bd3 Nc4 27. Ra2 Bf6
28. Re2 Kf7 29. g3 g5 30. Bxh7 fxg3 31. Bxg3 Na3 32. Rc1 Bxd4 33. Kg2 Rxc3 34.
Rxc3 Bxc3 35. Bd6 Rd8 36. Bc5 d4 37. Bd3 Nc4 38. f4 gxf4 39. Kf3 a3 40. h4 Nd2+
41. Kxf4 a2 42. Re1 0-1

[Event "62. Campeonato de Armenia Femenino 2008"]
[Site "Yerevan ARM"]
[Date "2008.01.20"]
[Round "7.4"]
[White "Andriasian, Siranush"]
[Black "Gasparian, Mariana"]
[Result "1-0"]
[WhiteElo "2228"]
[BlackElo "2070"]
[PlyCount "57"]
[EventDate "2008.01.14"]
[EventType "tourn"]
[EventRounds "9"]
[EventCountry "ARM"]
[Source "lmi"]
[SourceDate "2008.01.14"]

1. e4 e5 2. Nf3 Nf6 3. Nxe5 d6 4. Nf3 Nxe4 5. Nc3 Nf6 6. d4 d5 7. Bd3 Be7 8.
Bf4 c6 9. Ne5 Qb6 10. Qd2 Qxb2 11. Rb1 Qa3 12. O-O O-O 13. Rb3 Qa5 14. Qe2 Qd8
15. Re1 Bd6 16. Bg5 Nbd7 17. f4 Qc7 18. Nxd7 Nxd7 19. Nxd5 cxd5 20. Bxh7+ Kxh7
21. Qh5+ Kg8 22. Rh3 f6 23. Qh7+ Kf7 24. Bh6 Rg8 25. Rg3 Ne5 26. fxe5 Qe7 27.
Rf1 Bxe5 28. dxe5 Qxe5 29. Qg6+ 1-0

[Event "62. Campeonato de Armenia Femenino 2008"]
[Site "Yerevan ARM"]
[Date "2008.01.20"]
[Round "7.5"]
[White "Aginian, Nelly"]
[Black "Galojan, Lilit"]
[Result "0-1"]
[WhiteElo "2308"]
[BlackElo "2307"]
[PlyCount "96"]
[EventDate "2008.01.14"]
[EventType "tourn"]
[EventRounds "9"]
[EventCountry "ARM"]
[Source "lmi"]
[SourceDate "2008.01.14"]

1. e4 e5 2. Nf3 Nc6 3. Bb5 a6 4. Ba4 Nf6 5. d3 d6 6. c3 g6 7. Nbd2 Bg7 8. O-O
O-O 9. Re1 b5 10. Bc2 Re8 11. a4 Bb7 12. d4 exd4 13. Nxd4 Nxd4 14. cxd4 c5 15.
d5 c4 16. Nf3 b4 17. a5 b3 18. Bb1 Nd7 19. Ra4 Rc8 20. Nd2 c3 21. Nxb3 cxb2 22.
Be3 Qc7 23. Bd4 Bxd4 24. Rxd4 Qc3 25. Rd3 Qb4 26. Rd2 Qa3 27. Bc2 Rc3 28. Qb1
Ne5 29. Rde2 Rec8 30. Nd4 Qb4 31. Rd1 Nc4 32. Bd3 Rxd3 33. Qxd3 Nxa5 34. Nc2
Qa4 35. Rb1 Nc4 36. Ne3 Nxe3 37. Qxe3 Rc2 38. Rxc2 Qxc2 39. Qe1 a5 40. h4 a4
41. e5 dxe5 42. d6 Bc6 43. h5 a3 44. Kh2 a2 45. Qxe5 axb1=Q 46. d7 Bxd7 47. h6
Qh1+ 48. Kxh1 Qc1+ 0-1

[Event "62. Campeonato de Armenia Femenino 2008"]
[Site "Yerevan ARM"]
[Date "2008.01.21"]
[Round "8.1"]
[White "Aghabekian, Liana"]
[Black "Galojan, Lilit"]
[Result "0-1"]
[WhiteElo "2191"]
[BlackElo "2307"]
[PlyCount "130"]
[EventDate "2008.01.14"]
[EventType "tourn"]
[EventRounds "9"]
[EventCountry "ARM"]
[Source "lmi"]
[SourceDate "2008.01.14"]

1. e4 e5 2. Nf3 Nc6 3. Bc4 Nf6 4. d3 Be7 5. Nbd2 O-O 6. c3 d5 7. Bb3 dxe4 8.
dxe4 Bc5 9. Qe2 Qe7 10. O-O Nh5 11. g3 Bh3 12. Re1 Nf6 13. Nc4 Rad8 14. Bc2 h6
15. b4 Bd6 16. Ne3 Rfe8 17. Nh4 Qd7 18. Nhf5 Ne7 19. Qf3 Bxf5 20. Nxf5 Nxf5 21.
Qxf5 Qxf5 22. exf5 e4 23. Bb2 Re5 24. Rad1 Rb8 25. c4 Rxf5 26. Bxf6 Rxf6 27. c5
Bf8 28. Rxe4 b6 29. cxb6 Rfxb6 30. Rd7 Rxb4 31. Rxb4 Bxb4 32. Bb3 Bd6 33. Bxf7+
Kh7 34. Bb3 Kg6 35. Kg2 Rf8 36. f4 Kf6 37. Kf3 g5 38. fxg5+ Kxg5+ 39. Kg2 Kf5
40. Rh7 Rf6 41. h3 Ke4 42. g4 Ke3 43. h4 Rf2+ 44. Kg1 Bh2+ 45. Kh1 Kf3 46. g5
Bf4 47. Kg1 Bh2+ 48. Kh1 Bf4 49. Kg1 hxg5 50. hxg5 Rg2+ 51. Kf1 Rxg5 52. Rd7
Bd6 53. Rf7+ Ke3 54. Rh7 Kd2 55. Rf7 Bc5 56. Rd7+ Bd6 57. Rf7 Rh5 58. Rf2+ Ke3
59. Re2+ Kd3 60. Rg2 Rh1+ 61. Kf2 Bc5+ 62. Kg3 Be3 63. Rc2 c5 64. Kf3 Rf1+ 65.
Kg2 Rc1 0-1

[Event "62. Campeonato de Armenia Femenino 2008"]
[Site "Yerevan ARM"]
[Date "2008.01.21"]
[Round "8.2"]
[White "Gasparian, Mariana"]
[Black "Aginian, Nelly"]
[Result "0-1"]
[WhiteElo "2070"]
[BlackElo "2308"]
[PlyCount "71"]
[EventDate "2008.01.14"]
[EventType "tourn"]
[EventRounds "9"]
[EventCountry "ARM"]
[Source "lmi"]
[SourceDate "2008.01.14"]

1. e4 e6 2. d3 d5 3. Nd2 Nf6 4. Ngf3 Nc6 5. e5 Nd7 6. Qe2 f6 7. exf6 Qxf6 8.
Nb3 Bd6 9. d4 O-O 10. Bg5 Qg6 11. Qd3 Qf7 12. Be3 Nb4 13. Qd2 Qg6 14. Kd1 a5
15. a3 Nc6 16. Qd3 Qe8 17. Ng5 Nf6 18. f4 h6 19. Nf3 Ne4 20. g3 b6 21. Qe2 Ba6
22. Qg2 Bxf1 23. Rxf1 Ne7 24. Bg1 c5 25. Qe2 c4 26. Nc1 Nf5 27. Re1 b5 28. c3
b4 29. axb4 axb4 30. Rxa8 Qxa8 31. Qc2 bxc3 32. bxc3 Qa1 33. Rxe4 dxe4 34. Nd2
Ba3 35. Nxc4 Bxc1 36. Qxc1 0-1

[Event "62. Campeonato de Armenia Femenino 2008"]
[Site "Yerevan ARM"]
[Date "2008.01.21"]
[Round "8.3"]
[White "Gasparian, Narine"]
[Black "Andriasian, Siranush"]
[Result "1/2-1/2"]
[WhiteElo "2172"]
[BlackElo "2228"]
[PlyCount "82"]
[EventDate "2008.01.14"]
[EventType "tourn"]
[EventRounds "9"]
[EventCountry "ARM"]
[Source "lmi"]
[SourceDate "2008.01.14"]

1. d4 Nf6 2. c4 e6 3. Nf3 d5 4. Nc3 Be7 5. Bg5 h6 6. Bh4 O-O 7. e3 b6 8. Bd3
Bb7 9. O-O Nbd7 10. Rc1 Ne4 11. Bxe7 Qxe7 12. Qe2 c5 13. cxd5 exd5 14. Ba6 Bxa6
15. Qxa6 Ndf6 16. dxc5 bxc5 17. Nxe4 Nxe4 18. Rfd1 Rfd8 19. Qa3 Rac8 20. Nd2 f5
21. Qa6 Rb8 22. b3 Rb6 23. Qa5 Rf8 24. Nxe4 fxe4 25. Qxc5 Qh4 26. Qxd5+ Kh8 27.
Rd2 Rbf6 28. Rcc2 Rg6 29. Qc5 Qf6 30. h3 Qf3 31. g3 Rf5 32. Qc8+ Kh7 33. Qc7 h5
34. h4 Rg4 35. Rc5 Rxc5 36. Qxc5 Rxh4 37. gxh4 Qg4+ 38. Kf1 Qh3+ 39. Ke1 Qh1+
40. Ke2 Qf3+ 41. Ke1 Qh1+ 1/2-1/2

[Event "62. Campeonato de Armenia Femenino 2008"]
[Site "Yerevan ARM"]
[Date "2008.01.21"]
[Round "8.4"]
[White "Kharatyan, Anahit"]
[Black "Martirosyan, Lia"]
[Result "1-0"]
[WhiteElo "2115"]
[BlackElo "2111"]
[PlyCount "42"]
[EventDate "2008.01.14"]
[EventType "tourn"]
[EventRounds "9"]
[EventCountry "ARM"]
[Source "lmi"]
[SourceDate "2008.01.14"]

1. e4 c6 2. d4 d5 3. e5 Bf5 4. Nf3 e6 5. Be2 Nd7 6. O-O Ne7 7. b3 Bg4 8. c4 Bh5
9. a4 Nf5 10. c5 a5 11. h3 Bg6 12. Bg5 Be7 13. Bxe7 Qxe7 14. Nbd2 O-O 15. b4 b6
16. cxb6 Nxb6 17. bxa5 Rxa5 18. Qb3 Qa7 19. Rfc1 Ne7 20. Qb4 Rb8 21. Qd6 Nbc8
1-0

[Event "62. Campeonato de Armenia Femenino 2008"]
[Site "Yerevan ARM"]
[Date "2008.01.21"]
[Round "8.5"]
[White "Karapetyan, Lusine"]
[Black "Movsisian, Naira"]
[Result "0-1"]
[WhiteElo "1957"]
[BlackElo "2152"]
[PlyCount "92"]
[EventDate "2008.01.14"]
[EventType "tourn"]
[EventRounds "9"]
[EventCountry "ARM"]
[Source "lmi"]
[SourceDate "2008.01.14"]

1. e4 e5 2. Nf3 Nf6 3. d4 Nxe4 4. Bd3 d5 5. Nxe5 Nd6 6. Qf3 Be6 7. O-O Nd7 8.
Re1 Qf6 9. Qg3 Be7 10. Nf3 h6 11. Bf4 g5 12. Be5 Nxe5 13. dxe5 Qg7 14. exd6
Bxd6 15. Qg4 Qxb2 16. Qd4 Qxd4 17. Nxd4 Kd7 18. Nxe6 fxe6 19. Nd2 Bb4 20. Re2
e5 21. Rb1 c5 22. c4 Bxd2 23. Rxd2 b6 24. cxd5 Kd6 25. Bc4 Rhf8 26. Rb3 Rf4 27.
Bb5 c4 28. Rc3 Kc5 29. Bc6 Rb8 30. g3 Rd4 31. Rxd4 exd4 32. Rc1 d3 33. Kf1 d2
34. Rb1 c3 35. Ba4 b5 36. Bb3 a5 37. Ke2 Re8+ 38. Kd3 a4 39. Bc2 Re1 40. Kxc3
Rxb1 41. Kxd2 Ra1 42. Be4 Rxa2+ 43. Ke3 Ra3+ 44. Ke2 Kd6 45. f4 gxf4 46. gxf4
Rh3 0-1

[Event "62. Campeonato de Armenia Femenino 2008"]
[Site "Yerevan ARM"]
[Date "2008.01.22"]
[Round "9.1"]
[White "Movsisian, Naira"]
[Black "Aghabekian, Liana"]
[Result "0-1"]
[WhiteElo "2152"]
[BlackElo "2191"]
[PlyCount "160"]
[EventDate "2008.01.14"]
[EventType "tourn"]
[EventRounds "9"]
[EventCountry "ARM"]
[Source "lmi"]
[SourceDate "2008.01.14"]

1. Nf3 Nf6 2. d4 g6 3. Bg5 Bg7 4. Nbd2 O-O 5. e4 d6 6. c3 Nbd7 7. Bc4 e5 8.
dxe5 dxe5 9. O-O c6 10. Qc2 Qc7 11. a4 a5 12. b4 h6 13. Bh4 Re8 14. Rfd1 Nf8
15. Nb3 axb4 16. cxb4 Nh5 17. Nfd2 Nf4 18. f3 Be6 19. Bf2 Qe7 20. Bf1 Qg5 21.
Kh1 Bxb3 22. Nxb3 N8e6 23. a5 Bf8 24. Qc4 Qe7 25. Nc5 Nxc5 26. Bxc5 Qe6 27.
Bxf8 Qxc4 28. Bxc4 Kxf8 29. Rd7 Re7 30. Rad1 Ke8 31. R7d6 Rc7 32. g3 Nh5 33.
Kg2 Ke7 34. Bb3 Nf6 35. R6d2 Rf8 36. Rb2 Rd8 37. Rxd8 Kxd8 38. Kf2 Ne8 39. f4
f6 40. fxe5 fxe5 41. Rd2+ Ke7 42. Ke3 Nd6 43. Rf2 Rc8 44. h4 c5 45. Rc2 cxb4
46. Rxc8 Nxc8 47. Bd5 b6 48. Bb7 Kd7 49. a6 Kc7 50. Kd3 Nd6 51. Kc2 Kb8 52. Bd5
Ka7 53. Kb3 Kxa6 54. Kxb4 g5 55. hxg5 hxg5 56. Bc6 Ka7 57. Bd5 Kb8 58. Bc6 Kc7
59. Bd5 Ne8 60. Bf7 Nf6 61. Bg6 Kc6 62. Kc4 b5+ 63. Kb4 Kb6 64. Bf5 Nh5 65. Bd7
Nxg3 66. Bxb5 Nxe4 67. Be2 Kc6 68. Kc4 Kd6 69. Kd3 Nf6 70. Ke3 Kd5 71. Ba6 e4
72. Bc8 Ke5 73. Bb7 Ng4+ 74. Ke2 Kf4 75. Ba6 Ne5 76. Kf2 g4 77. Be2 g3+ 78. Kg2
Nf3 79. Ba6 Nh4+ 80. Kg1 g2 0-1

[Event "62. Campeonato de Armenia Femenino 2008"]
[Site "Yerevan ARM"]
[Date "2008.01.22"]
[Round "9.2"]
[White "Martirosyan, Lia"]
[Black "Karapetyan, Lusine"]
[Result "1-0"]
[WhiteElo "2111"]
[BlackElo "1957"]
[PlyCount "147"]
[EventDate "2008.01.14"]
[EventType "tourn"]
[EventRounds "9"]
[EventCountry "ARM"]
[Source "lmi"]
[SourceDate "2008.01.14"]

1. Nf3 c5 2. b3 Nf6 3. Bb2 e6 4. e3 b6 5. Be2 Bb7 6. O-O Be7 7. d3 O-O 8. Nbd2
Nc6 9. Ne5 Nxe5 10. Bxe5 d5 11. f4 d4 12. Bxf6 Bxf6 13. e4 e5 14. f5 Bg5 15.
Nf3 Be3+ 16. Kh1 Qd6 17. g4 Rae8 18. Nh4 Qh6 19. Ng2 Bf4 20. h4 g5 21. Qe1 f6
22. Nxf4 gxf4 23. Rf3 Qg7 24. Qf2 h6 25. Rg1 Kf7 26. Qe1 Rg8 27. Rh3 Ke7 28. c4
dxc3 29. Qxc3 Qf7 30. a3 Kf8 31. Kh2 Qd7 32. b4 Qd4 33. Qxd4 cxd4 34. Bd1 Rc8
35. Bb3 Rg7 36. g5 Rc3 37. Be6 Rc2+ 38. Kh1 h5 39. gxf6 Rxg1+ 40. Kxg1 Rc3 41.
Kg2 Rxd3 42. Rxd3 Bxe4+ 43. Rf3 d3 44. Kf2 d2 45. Bb3 Bxf5 46. Rc3 e4 47. Ke2
e3 48. Rxe3 fxe3 49. Kxe3 Be6 50. Bd1 Kf7 51. Bxh5+ Kxf6 52. Kxd2 Ke5 53. Ke3
a5 54. Bg6 Kd5 55. Kd3 axb4 56. axb4 Bd7 57. h5 Ke5 58. h6 Kf6 59. Be4 Bh3 60.
Kd4 Kf7 61. Bd3 Bd7 62. Kd5 Kg8 63. Kd6 Be8 64. Kc7 b5 65. Kb6 Bd7 66. Kc5 Kh8
67. Bxb5 Bf5 68. Bc6 Bd3 69. Bd5 Ba6 70. Bc4 Bc8 71. b5 Kh7 72. b6 Kxh6 73. Kc6
Kg6 74. Kc7 1-0

[Event "62. Campeonato de Armenia Femenino 2008"]
[Site "Yerevan ARM"]
[Date "2008.01.22"]
[Round "9.3"]
[White "Andriasian, Siranush"]
[Black "Kharatyan, Anahit"]
[Result "1-0"]
[WhiteElo "2228"]
[BlackElo "2115"]
[PlyCount "145"]
[EventDate "2008.01.14"]
[EventType "tourn"]
[EventRounds "9"]
[EventCountry "ARM"]
[Source "lmi"]
[SourceDate "2008.01.14"]

1. e4 e5 2. Nf3 d6 3. d4 Nd7 4. Bc4 c6 5. a4 Be7 6. Nc3 Ngf6 7. O-O O-O 8. Re1
b6 9. b3 a6 10. Bb2 Rb8 11. Bd3 Qc7 12. Qd2 Re8 13. Ne2 Bf8 14. Ng3 g6 15. Nh4
b5 16. axb5 axb5 17. Qg5 Kh8 18. Nf3 Bg7 19. h4 Ng8 20. Qd2 Nf8 21. c4 Bg4 22.
Nh2 bxc4 23. bxc4 Bc8 24. d5 Nd7 25. Ba3 c5 26. Bb2 Bh6 27. Qe2 Ngf6 28. Bc3
Rb3 29. Ba5 Qb8 30. Bc2 Rb2 31. Bc3 Rb6 32. Ba4 Re7 33. Bb5 Nf8 34. Ba5 Rbb7
35. Bd8 Ng8 36. Bxe7 Nxe7 37. Ra3 Bd7 38. Ra5 f5 39. exf5 Bxf5 40. Nxf5 Nxf5
41. Nf3 Qd8 42. Rea1 Nxh4 43. Ra8 Qf6 44. Nxh4 Qxh4 45. Qf3 Kg8 46. g3 Qd4 47.
R1a7 e4 48. Qg4 Rxa7 49. Rxa7 e3 50. Qxd4 cxd4 51. fxe3 Bxe3+ 52. Kf1 d3 53.
Ra3 d2 54. Ke2 Bc5 55. Ra4 g5 56. Be8 Kg7 57. Kxd2 Ng6 58. Bxg6 Kxg6 59. Ke2
Kf5 60. Ra8 h5 61. Kf3 Ke5 62. Rh8 h4 63. gxh4 gxh4 64. Rxh4 Bb4 65. Re4+ Kf5
66. Re6 Bc5 67. Ke2 Bb4 68. Kd3 Bc5 69. Kc3 Ba3 70. Kb3 Bc5 71. Ka4 Kf4 72. Kb5
Ba3 73. Kc6 1-0

[Event "62. Campeonato de Armenia Femenino 2008"]
[Site "Yerevan ARM"]
[Date "2008.01.22"]
[Round "9.4"]
[White "Aginian, Nelly"]
[Black "Gasparian, Narine"]
[Result "1-0"]
[WhiteElo "2308"]
[BlackElo "2172"]
[PlyCount "117"]
[EventDate "2008.01.14"]
[EventType "tourn"]
[EventRounds "9"]
[EventCountry "ARM"]
[Source "lmi"]
[SourceDate "2008.01.14"]

1. e4 c5 2. Nf3 d6 3. d4 cxd4 4. Nxd4 Nf6 5. Nc3 Nc6 6. Bg5 e6 7. Qd2 a6 8.
O-O-O Bd7 9. f4 h6 10. Bh4 Nxe4 11. Qe1 Nf6 12. Nf5 Qa5 13. Nxd6+ Bxd6 14. Rxd6
Nb4 15. a3 Nbd5 16. Qe5 O-O-O 17. Nxd5 exd5 18. Bxf6 gxf6 19. Qxd5 Qxd5 20.
Rxd5 Bc6 21. Rxd8+ Rxd8 22. Rg1 Re8 23. g3 Kc7 24. Bd3 h5 25. Kd2 Kd6 26. Be2
Rh8 27. h4 Ke6 28. Ke3 f5 29. Rd1 Be4 30. c3 Kf6 31. Rd6+ Ke7 32. Rd4 Kf6 33.
c4 Kg6 34. c5 Re8 35. Kd2 Rc8 36. b4 a5 37. Bd3 Bg2 38. Rd6+ f6 39. Bc4 axb4
40. axb4 Ra8 41. Bd5 Be4 42. Rd7 Rb8 43. Ke3 Bxd5 44. Rxd5 Re8+ 45. Kd3 Re1 46.
Kc4 Rg1 47. Rd7 Rxg3 48. Rxb7 Rf3 49. c6 Rxf4+ 50. Kd3 Rf3+ 51. Kd2 Rf2+ 52.
Ke3 Rc2 53. c7 Rc3+ 54. Kd2 Rc4 55. b5 f4 56. b6 f3 57. Ke3 Rc3+ 58. Kf2 Kf5
59. Rb8 1-0